Dua Lipa Music - Statistics

General Stats
  • This quiz has been taken 75 times
    71 since last reset
  • The average score is 17 of 28
Answer Stats
Album Songs % Correct
With Calvin Harris One Kiss
96%
Don't Start Now
87%
Future Nostalgia Future Nostalgia
87%
New Rules
81%
Physical
79%
Break my Heart
77%
with Silk City Electricity
77%
Boys will be boys
70%
Cool
68%
hallucinate
68%
Levitating
68%
with Miguel Lost in Your Light
68%
Good in Bed
66%
Pretty Please
64%
Alita Battle Angel Swan Song
64%
Blow Your mind
62%
Love Again
62%
Hotter Than Hell
55%
Be the One
53%
Dua Genesis
51%
Garden
47%
IDGAF
47%
Last Dance
47%
Homesick
40%
No Goodbyes
38%
Begging
34%
Thinking Bout You
34%
Scared to be Lonely
28%
No matching quizzes found
Score Distribution
Percent of People with Each Score
Percentile by Number Answered
Your Score History
You have not taken this quiz since the last reset